| 000 | 00476nam a22001697a 4500 | ||
|---|---|---|---|
| 008 | 200708b xxu||||| |||| 00| 0 eng d | ||
| 041 | _aEng. | ||
| 082 | _aCD16581 | ||
| 100 | _aGhimire, Yashoda | ||
| 245 | _aDevelopment of speaking skill through group work. | ||
| 260 |
_aMorang: _bSukuna M. campus _c2019 |
||
| 502 |
_aDissertation _bDegree in English _cTU |
||
| 650 | _aEnglish Language | ||
| 650 | _aTeaching Methods | ||
| 650 | _aLanguage teaching | ||
| 942 |
_2ddc _cVM |
||
| 999 |
_c96281 _d96270 |
||